City Skylines Multiple Choice - Statistics

General Stats
  • This quiz has been taken 1,650 times
  • The average score is 11 of 15
Answer Stats
Question Answer % Correct
Which of these is the skyline of New York?
94%
Which of these is the skyline of Seattle?
92%
Which of these is the skyline of Paris?
91%
Which of these is the skyline of Shanghai?
89%
Which of these is the skyline of Rio de Janeiro?
89%
Which of these is the skyline of Athens?
88%
Which of these is the skyline of Tokyo?
86%
Which of these is the skyline of Dubai?
83%
Which of these is the skyline of Toronto?
80%
Which of these is the skyline of London?
76%
Which of these is the skyline of Cape Town?
68%
Which of these is the skyline of Sydney?
64%
Which of these is the skyline of Los Angeles?
57%
Which of these is the skyline of Panama City?
43%
Which of these is the skyline of Dar es Salaam?
33%
No matching quizzes found
Score Distribution
Percent of People with Each Score
Percentile by Number Answered
Your Score History
You have not taken this quiz